| 000 | 00892cam a22003015a 4500 | ||
|---|---|---|---|
| 999 |
_c26841 _d26813 |
||
| 001 | 018572028 | ||
| 003 | Uk | ||
| 005 | 20180902120211.0 | ||
| 008 | 161226t2017 enka frb 001 0 eng d | ||
| 015 |
_aGBB7K5626 _2bnb |
||
| 020 | _z9781292100111 | ||
| 020 | _z1292100117 | ||
| 040 |
_aYDX _beng _cYDX _dOCLCO _dOCLCF _dUk _dEG-ScBUE |
||
| 082 | 0 | 4 |
_a658.84 _bHOL _222 |
| 100 | 1 | 0 |
_aHollensen, Svend. _913127 |
| 245 | 1 | 0 |
_aGlobal marketing / _cSvend Hollensen. |
| 250 | _a7th ed. | ||
| 260 |
_aHarlow : _bPearson Education, _c2017. |
||
| 300 |
_axliv, 825 p. : _bill. (col.) ; _c27 cm. |
||
| 500 | _aPrevious edition : 2014. | ||
| 504 | _aIncludes bibliographical references and index. | ||
| 650 | 7 |
_aExport marketing. _2BUEsh |
|
| 650 | 7 |
_aExport marketing _vCase studies. _2BUEsh _913129 |
|
| 651 | _2BUEsh | ||
| 653 |
_bBUSADM _cSeptember2018 |
||
| 655 | _vReading book | ||
| 942 | _2ddc | ||